000 00689nam a2200253 i 4500
001 bgj
100 1 _aDOYLE, Arthur Conan
_d(1859-1930)
245 1 0 _aThe Hound of the Baskervilles /
_cArthur Conan Doyle.
260 _aMahwah, NJ :
_bWatermill Press,
_cc. 1980.
300 _a233 pp ;
_c18 cm.
490 1 _aA Watermill Classic
600 1 9 _aHolmes, Sherlock (Fictious character)
650 9 _aBlessing and cursing
650 9 _aDogs
650 9 _aDetective and mystery stories
651 9 _aEngland
655 _aFiction
830 _aA Watermill Classic
020 _apbk
040 _cBPK
041 0 _aeng
942 _cKS
008 s uk f |000 0 eng
999 _c48031
_d48031
856 _uhttp://koha.tu.koszalin.pl/cgi-bin/koha/opac-detail.pl?biblionumber=48031
_yKatalog online BPK